01967nam a22004457a 4500001001000000003000500010005001700015008004100032010001100073011001100084035001100095040000900106090001000115100004900125245017400174260004100348500006000389502007100449590003700520590004100557590004100598590004100639590004100680590004100721590004200762590004100804650004100845650002400886650003600910700003200946856006400978901000701042942000901049942000601058949007401064949006901138999001901207952015001226952014501376000106054CHAP20220329143831.0111108s2011 mx r 00010 spa d a102516 a103488 a114177 cCHAP aTesis1 aGonzález Briceño, Miguel Ángel.94873310aEstudio del subsuelo del Valle de Texcoco utilizando prospección geofísica eléctricah[En línea]c/por Miguel Ángel González Briceño y Jadhiel Prado Movis. aChapingo, Méx. :bEl autor,c2011. aPara ver el contenido del material haga clic en la liga aTesis (Ing. en Irrigación) -- UACH. Departamento de Irrigación aALEPHb10c20130110lUCH01h1543 aBATCH-UPDb10c20130110lUCH01h1736 aBATCH-UPDb10c20130410lUCH01h0959 aBATCH-UPDb10c20130914lUCH01h1111 aBATCH-UPDb10c20140324lUCH01h1528 aBATCH-UPDb10c20141002lUCH01h0851 aCONVERSIONb10c20130109lUCH01h1356 aE11695DGDb10c20141006lUCH01h113214aCuenca del Valle de México.93005914aGeofísica.94753414aLago de TexcocoxSuelos.9644121 aPrado movis, Jadhiel991269 3Finding aiduhttp://10.13.5.2/tesis/114177.pdfzTeclea aqui aBK cFOLL n0 aTesisbBCcTESd33724002309983eTS2fc.2gDonaciØnh52990i114177st aTesisbBCcTESd33724002310025eTS1gDonaciØnh52989i114177st c102516d102516 00102local4053708TESISaBCbBCcPA_TESISd2019-12-31eDonacionfTESISl0oTesisp33724002309983r2019-12-31 00:00:00tc.2w2019-12-31yTESIS 00102local4051708TESISaBCbBCcPA_TESISd2019-12-31eDonacionfTESISl0oTesisp33724002310025r2019-12-31 00:00:00w2019-12-31yTESIS